|
|
|
|
| LEADER |
02070nam a22003257a 4500 |
| 001 |
10119336 |
| 003 |
GR-PaULI |
| 005 |
20240724140110.0 |
| 008 |
160304s2014 gr f gre d |
| 952 |
|
|
|0 0
|1 0
|4 0
|6 620_112000000000000_3_ΒΟΥ
|7 0
|9 189928
|a LISP
|b LISP
|c BSC
|d 2016-04-24
|i 132406
|l 15
|m 6
|o 620.112 3 ΒΟΥ
|p 025000249121
|r 2019-06-20 00:00:00
|s 2019-05-24
|t 1
|v 2016.00
|w 2016-04-24
|y BK15
|
| 952 |
|
|
|0 0
|1 0
|2 ddc
|4 0
|6 620_112000000000000_3_ΒΟΥ
|7 0
|9 219776
|a LISP
|b LISP
|c BSC
|d 2018-02-09
|i 118349
|l 11
|m 7
|o 620.112 3 ΒΟΥ
|p 025000235634
|r 2022-12-22 00:00:00
|s 2022-11-11
|t 3
|v 2018.00
|w 2018-02-09
|y BK15
|
| 952 |
|
|
|0 0
|1 0
|2 ddc
|4 0
|6 620_112000000000000_3_ΒΟΥ
|7 0
|9 219777
|a LISP
|b LISP
|c BSC
|d 2018-02-09
|i 118038
|l 14
|m 5
|o 620.112 3 ΒΟΥ
|p 025000235791
|r 2020-10-06 00:00:00
|s 2020-09-08
|t 2
|v 2018.00
|w 2018-02-09
|y BK15
|
| 999 |
|
|
|c 116979
|d 116979
|
| 020 |
|
|
|a 9789608146808
|
| 040 |
|
|
|a GR-PaULI
|c GR-PaULI
|b gre
|e AACR2
|
| 041 |
0 |
|
|a gre
|
| 082 |
0 |
4 |
|a 620.112 3
|
| 100 |
1 |
|
|a Βουθούνης, Παναγιώτης Ανδρ.
|e συγγραφέας
|9 101823
|
| 245 |
1 |
0 |
|a Μηχανική παραμορφώσιμου στερεού :
|b αντοχή των υλικών, θεωρία, περίληψη, 260 παραδείγματα, 2400 έγχρωμα σχήματα, μεθοδολογία (επίλυσης προβλημάτων), 123 λυμένα προβλήματα /
|c Παναγιώτης Ανδρ. Βουθούνης, Αικατερίνη Σταματίου, Παναγιώτα Βουθούνη.
|
| 250 |
|
|
|a 2η έκδ. επαυξημένη
|
| 260 |
|
|
|a Αθήνα
|b [χ.ό.]
|c 2014
|
| 300 |
|
|
|a xxiv, 952, [39] σ. :
|b σχήμ. ,
|c 24 εκ.
|
| 500 |
|
|
|a Περιλαμβάνει ευρετήριο
|
| 650 |
|
4 |
|a Παραμορφώσεις (Μηχανική)
|9 76542
|
| 650 |
|
4 |
|a Αντοχή των υλικών
|9 1329
|
| 650 |
|
4 |
|9 245
|a Μηχανική
|
| 700 |
1 |
|
|9 155789
|a Σταματίου, Αικατερίνη
|e
|
| 700 |
1 |
|
|9 155790
|a Βουθούνη, Παναγιώτα Π.
|e
|
| 942 |
|
|
|2 ddc
|c BK15
|
| 998 |
|
|
|c ΜΠΟΥΡΑΣ
|d 2016-03
|